000 00652nam a2200205 a 4500
005 20220527063638.0
008 991125s19471956lon 000 0 eng u
035 _aUPN01000008220
049 _aCG
050 4 _aGF26
_bD5.2
100 1 _aDickinson, Robert E.
245 1 0 _aCity religion and regionalism :
_ba geographical contribution to human ecology /
_cRobert E. Dickinson.
260 _aLondon :
_bRoutledge,
_c1947(1956 impr.)
300 _a327 p.
440 0 _aInternational library of sociology and social reconstruction
650 2 _aEcologĂ­a humana
_97042
650 4 _aGEOGRAFIA HUMANA
_914055
650 4 _aREGIONALISMO
905 _aLibro
999 _c8220
_d8220